[Event "Tournoi Skype 025B"]
[Site "Skype"]
[Date "????.??.??"]
[Round "6.6"]
[White "Mantelli, Luca"]
[Black "Silva, Givson"]
[Result "0-1"]
[WhiteElo "1320"]
[BlackElo "1297"]
[PlyCount "124"]

1. e4 e6 2. d4 d5 3. e5 c5 4. c3 Qb6 5. Nf3 Nc6 6. a3 c4 7. Be2 Nge7 8. Nbd2
Na5 9. O-O Bd7 10. Rb1 Qc7 11. h3 Nc8 12. Nh2 Nb6 13. f4 Ba4 14. Qe1 Bc2 15.
Ra1 Nb3 16. Nxb3 Bxb3 17. f5 O-O-O 18. fxe6 fxe6 19. Bg4 Ba4 20. Bxe6+ Bd7 21.
Rf7 h6 22. Qf1 Qc6 23. Bxd7+ Nxd7 24. Qf3 Qe6 25. Rf5 Be7 26. Bd2 Rhf8 27. Rf1
Qxf5 28. Qxf5 Rxf5 29. Rxf5 Rf8 30. Rxf8+ Nxf8 31. Ng4 Ng6 32. Ne3 Bg5 33. Nf1
Bxd2 34. Nxd2 Kd7 35. Kf2 Nf4 36. Kf3 g5 37. h4 Ke6 38. hxg5 hxg5 39. g3 Nh5
40. Kg4 Ng7 41. Kxg5 Nf5 42. g4 Ne3 43. Kh5 Nd1 44. g5 Nxb2 45. Kh6 Nd3 46. Kg7
Nf4 47. Nf3 Kf5 48. e6 Nxe6+ 49. Kh6 Nf4 50. Nh4+ Ke4 51. g6 Ne6 52. Kh7 Kd3
53. Nf5 Kxc3 54. Ng7 Nf8+ 55. Kh6 Kxd4 56. Nf5+ Ke5 57. g7 Kxf5 58. gxf8=Q+ Ke5
59. Kg5 c3 60. Qg7+ Ke4 61. Qxc3 d4 62. Qxd4+ Kxd4 0-1

[Event "Tournoi Skype 025B"]
[Site "Skype"]
[Date "????.??.??"]
[Round "6.7"]
[White "Hernandez, George"]
[Black "Bendre, Pankaj"]
[Result "1-0"]
[WhiteElo "1334"]
[BlackElo "1486"]
[PlyCount "103"]

1. e4 c5 2. Nf3 a6 3. d4 cxd4 4. Nxd4 e5 5. Nf3 d6 6. Bc4 Be7 7. Nc3 Nf6 8. Bg5
h6 9. Bh4 Qc7 10. Qe2 Nbd7 11. O-O-O b5 12. Bb3 O-O 13. Kb1 Bb7 14. h3 Nc5 15.
Nd5 Bxd5 16. Bxd5 Rab8 17. g4 Nxd5 18. Bxe7 Nxe7 19. g5 h5 20. h4 Ng6 21. Ne1
Nf4 22. Qf3 g6 23. Ng2 Nfe6 24. Ne3 Nd4 25. Rxd4 exd4 26. Nd5 Qd7 27. Nf6+ Kg7
28. Nxd7 Nxd7 29. Rd1 Ne5 30. Qa3 Rb6 31. Rxd4 Nc4 32. Qb3 Na5 33. Qb4 Nc6 34.
Qxd6 Rd8 35. Qc5 Rxd4 36. c3 Rxe4 37. Qxb6 Ne5 38. f3 Rxh4 39. Qf6+ Kg8 40.
Qxe5 Rh1+ 41. Kc2 Rf1 42. Qe2 Rg1 43. f4 h4 44. Qh2 Re1 45. Qxh4 Re2+ 46. Kb3
a5 47. Qg4 a4+ 48. Ka3 Re4 49. Qc8+ Kg7 50. f5 gxf5 51. Qxf5 Re6 52. Qxb5 1-0

[Event "Tournoi Skype 025B"]
[Site "Skype"]
[Date "????.??.??"]
[Round "6.8"]
[White "Torres, Vicky"]
[Black "Couto, Januario"]
[Result "0-1"]
[WhiteElo "1276"]
[BlackElo "1433"]
[PlyCount "98"]

1. c4 f5 2. Nc3 Nf6 3. d4 d6 4. g3 g6 5. Bg2 Bg7 6. e3 O-O 7. Nge2 Qe8 8. O-O
e5 9. b3 e4 10. Nf4 c6 11. f3 g5 12. Nh3 h6 13. fxe4 fxe4 14. Ba3 Qe7 15. Nf2
Bf5 16. Qc2 Re8 17. d5 cxd5 18. cxd5 Nbd7 19. Nb5 Rac8 20. Qd2 Nc5 21. Qe2 a6
22. Nd4 Bd7 23. b4 Nd3 24. Nxd3 exd3 25. Qxd3 Qxe3+ 26. Qxe3 Rxe3 27. Bc1 Rd3
28. Ne6 Bxe6 29. dxe6 Ne8 30. Bxb7 Rc2 31. Bxa6 Bd4+ 32. Kh1 Rdc3 33. Rb1 Rxa2
34. Bb5 Nf6 35. e7 Rc8 36. Rb3 Ng4 37. Bc4+ Kg7 38. Bb2 Bxb2 39. Rf7+ Kg6 40.
Kg2 Bf6+ 41. Kh1 Rxh2+ 42. Kg1 Bd4+ 43. Kf1 Rf2+ 44. Ke1 Rxf7 45. Bxf7+ Kxf7
46. b5 Kxe7 47. b6 Ne5 48. b7 Rb8 49. Rb4 Nd3+ 0-1

[Event "Tournoi Skype 025B"]
[Site "Skype"]
[Date "????.??.??"]
[Round "6.9"]
[White "Lucena Vaz, Jose"]
[Black "De Coninck, Philippe"]
[Result "1-0"]
[WhiteElo "1430"]
[BlackElo "1354"]
[PlyCount "83"]

1. e4 e5 2. Nf3 Nf6 3. Nxe5 d6 4. Nf3 Nxe4 5. Bc4 Be7 6. O-O O-O 7. Qe2 Bf5 8.
d3 Nf6 9. Re1 Re8 10. Bg5 c6 11. Nc3 Nbd7 12. Qd2 h6 13. Bh4 Nh5 14. Bxe7 Rxe7
15. Rxe7 Qxe7 16. Re1 Qf8 17. Qe3 d5 18. Bb3 Nhf6 19. Qf4 Be6 20. Qc7 Rb8 21.
Ne2 Qd8 22. Qf4 Rc8 23. a3 Bg4 24. Ne5 Bxe2 25. Nxd7 Nxd7 26. Rxe2 a5 27. Qd6
Nf6 28. Qxd8+ Rxd8 29. Re7 Rd7 30. Re5 Ng4 31. Re8+ Kh7 32. Rb8 b5 33. Rc8 a4
34. Ba2 Rd6 35. Kf1 Rf6 36. f3 Nxh2+ 37. Ke2 Re6+ 38. Kf2 Re5 39. Rxc6 Rf5 40.
Kg1 Rh5 41. Rc5 g5 42. Rxd5 1-0

[Event "Tournoi Skype 025B"]
[Site "Skype"]
[Date "????.??.??"]
[Round "6.10"]
[White "Vincent, Andre"]
[Black "Balanagendran"]
[Result "0-1"]
[WhiteElo "1273"]
[BlackElo "1361"]
[PlyCount "68"]

1. d4 Nf6 2. Bf4 g6 3. c3 Bg7 4. Nd2 d5 5. Ngf3 Nbd7 6. e3 O-O 7. Bd3 c5 8. c4
cxd4 9. exd4 b6 10. O-O Bb7 11. Rc1 Nh5 12. Bg3 Rc8 13. c5 e6 14. Nb3 f5 15.
Bh4 Qe8 16. g3 e5 17. Bc2 bxc5 18. Nxc5 Nxc5 19. Re1 e4 20. dxc5 Bxb2 21. Rb1
Bc3 22. Ba4 Bc6 23. Re2 Bxa4 24. Qxd5+ Qf7 25. Qxf7+ Rxf7 26. Ng5 Rd7 27. Ne6
Rd1+ 28. Rxd1 Bxd1 29. Re3 Bb4 30. Be7 Bf3 31. h3 Bd2 32. Rb3 e3 33. fxe3 Nxg3
34. Rb7 Bxb7 0-1

[Event "Tournoi Skype 025B"]
[Site "Skype"]
[Date "????.??.??"]
[Round "6.11"]
[White "Rosenkoetter, David"]
[Black "Perez, Luis Horacio"]
[Result "1-0"]
[WhiteElo "1270"]
[BlackElo "1397"]
[PlyCount "71"]

1. e4 e5 2. Nf3 Nc6 3. Bc4 d6 4. d3 h6 5. c3 Nf6 6. h3 Qe7 7. O-O Bd7 8. a4 a6
9. a5 Be6 10. Bxe6 Qxe6 11. Re1 Be7 12. Nh4 d5 13. Nf5 O-O 14. Qf3 Bc5 15. Qg3
Nh5 16. Qh4 Ne7 17. Qxh5 b6 18. axb6 Qxb6 19. Be3 Ng6 20. Bxc5 Qxc5 21. exd5
Qxd5 22. Re3 Rfe8 23. d4 e4 24. Nxh6+ gxh6 25. Qxd5 Rad8 26. Qb7 Re6 27. Qxc7
Rde8 28. Nd2 Rf6 29. Nxe4 Nf4 30. Rg3+ Kf8 31. Nxf6 Ne2+ 32. Kh2 Nxg3 33. Qd6+
Re7 34. Nd7+ Ke8 35. Nf6+ Kf8 36. Qd8+ 1-0

[Event "Tournoi Skype 025B"]
[Site "Skype"]
[Date "????.??.??"]
[Round "6.12"]
[White "Malbec, Robert"]
[Black "Farfallini, Michel"]
[Result "0-1"]
[WhiteElo "1394"]
[BlackElo "1245"]
[PlyCount "68"]

1. e4 e5 2. Nf3 Nc6 3. Bc4 Nf6 4. Ng5 d5 5. exd5 Na5 6. Bb5+ Bd7 7. Bxd7+ Qxd7
8. Nc3 Nxd5 9. Nxd5 Qxd5 10. Nf3 O-O-O 11. O-O Bc5 12. c3 Nc6 13. h3 f6 14. b4
Bb6 15. a4 a6 16. Ne1 Kb8 17. Qe2 Na7 18. a5 Rd6 19. axb6 Rxb6 20. d3 Nc6 21.
Be3 Nd4 22. cxd4 Re8 23. Bd2 Rbe6 24. Qf3 Qxd4 25. Nc2 Qd7 26. Ra5 e4 27. dxe4
Qxd2 28. Qd1 Qxd1 29. Rxd1 Rxe4 30. Rad5 Kc8 31. f3 Rc4 32. R5d2 Rc6 33. Kf2 g5
34. Rd8+ Rxd8 0-1

[Event "Tournoi Skype 025B"]
[Site "Skype"]
[Date "????.??.??"]
[Round "6.13"]
[White "Martin, Jean-Claude"]
[Black "Moumtaz, Abderrahim"]
[Result "0-1"]
[WhiteElo "1389"]
[BlackElo "1244"]
[PlyCount "98"]

1. d4 Nf6 2. c4 c6 3. Nc3 d5 4. cxd5 cxd5 5. Bf4 a6 6. Rc1 Bf5 7. e3 e6 8. Bd3
Bxd3 9. Qxd3 Nc6 10. Nf3 Nb4 11. Qd1 Bd6 12. Bxd6 Qxd6 13. Qb3 O-O 14. O-O Rab8
15. Ne5 Nc6 16. Rcd1 Qb4 17. Qxb4 Nxb4 18. Nd7 Nxd7 19. a3 Nc6 20. h3 Nf6 21.
Rc1 Rfc8 22. Na4 Nd7 23. b4 b5 24. Nc5 Nxc5 25. Rxc5 Ne7 26. Rfc1 Rxc5 27. Rxc5
Rc8 28. Kf1 Rxc5 29. dxc5 Nc6 30. Ke2 e5 31. f3 f5 32. Kd3 Kf7 33. g3 Ke6 34.
Kc3 Kd7 35. Kd3 a5 36. Kc3 axb4+ 37. axb4 Kc7 38. h4 h5 39. Kb3 Ne7 40. Kc3 Kc6
41. Kd3 Nc8 42. e4 fxe4+ 43. fxe4 d4 44. Kd2 Ne7 45. Ke2 Ng6 46. Kf3 Nf8 47. g4
g6 48. g5 Ne6 49. Kf2 Nf4 0-1

[Event "Tournoi Skype 025B"]
[Site "Skype"]
[Date "????.??.??"]
[Round "6.15"]
[White "Munoz Gonzalez, Martin"]
[Black "Khatanhar, Mohit"]
[Result "1-0"]
[WhiteElo "1353"]
[BlackElo "1194"]
[PlyCount "67"]

1. f4 e6 2. Nf3 Be7 3. e4 Nc6 4. Be2 a6 5. e5 d6 6. d4 Bd7 7. O-O Nh6 8. Nc3
O-O 9. d5 exd5 10. Nxd5 f6 11. Nxe7+ Qxe7 12. Bc4+ Kh8 13. Bd2 Nf7 14. Bc3 Bg4
15. exf6 gxf6 16. Qe1 Qd7 17. Qg3 Nh6 18. Ng5 d5 19. Bxd5 Qxd5 20. Qh4 Bf5 21.
Qxh6 Bg6 22. f5 Bxf5 23. Bxf6+ Rxf6 24. Qxf6+ Kg8 25. Qxf5 Qxf5 26. Rxf5 Re8
27. Raf1 Nd4 28. c3 Nxf5 29. Rxf5 Rf8 30. Rxf8+ Kxf8 31. Nxh7+ Kf7 32. Ng5+ Kf6
33. h4 Kf5 34. g3 1-0

[Event "Tournoi Skype 025B"]
[Site "Skype"]
[Date "????.??.??"]
[Round "6.16"]
[White "Yilmazer, Seher"]
[Black "Luna Perez Vico, Lorenzo"]
[Result "0-1"]
[WhiteElo "1241"]
[BlackElo "1352"]
[PlyCount "74"]

1. d4 Nf6 2. c4 c6 3. Nc3 d5 4. Nf3 e6 5. e3 g6 6. Bd3 Bg7 7. O-O O-O 8. Bd2
Nbd7 9. e4 dxe4 10. Bxe4 Nxe4 11. Nxe4 Nf6 12. Nh4 Nxe4 13. g3 Nxd2 14. Qxd2
Qxd4 15. Nf3 Qxd2 16. Nxd2 Bxb2 17. Rad1 Bg7 18. f4 c5 19. Ne4 Bd4+ 20. Kg2 b6
21. h4 Bb7 22. Kf3 Bxe4+ 23. Kxe4 f5+ 24. Kf3 Rad8 25. Rd2 Rd6 26. Rh2 h5 27.
a4 Rfd8 28. a5 Kf7 29. axb6 axb6 30. Ra2 Bc3 31. Ra7+ R6d7 32. Ra6 Ba5 33. g4
fxg4+ 34. Kg3 Rd3+ 35. Kg2 Kf6 36. Ra7 Rd2+ 37. Kg3 R8d3+ 0-1

[Event "Tournoi Skype 025B"]
[Site "Skype"]
[Date "????.??.??"]
[Round "6.17"]
[White "Battaglia, Gabriele"]
[Black "Sanchez Padilla, Armando Edilber"]
[Result "0-1"]
[WhiteElo "1248"]
[BlackElo "1329"]
[PlyCount "66"]

1. Nf3 b6 2. g3 Bb7 3. Bg2 Nf6 4. O-O d6 5. d3 Nbd7 6. Bg5 Ng4 7. e4 h6 8. Bf4
e5 9. Bd2 Be7 10. Nd4 exd4 11. Qxg4 g5 12. c3 Nf6 13. Qe2 Qd7 14. cxd4 Qb5 15.
Bc3 d5 16. e5 Nh7 17. e6 Nf6 18. exf7+ Kxf7 19. Na3 Qc6 20. Rfe1 Rae8 21. Qf3
Bxa3 22. bxa3 Qxc3 23. Rac1 Rxe1+ 24. Rxe1 Qxe1+ 25. Bf1 Kg6 26. h4 h5 27. hxg5
Rf8 28. Qf4 Nd7 29. Qe3 Qxe3 30. fxe3 Kxg5 31. Bh3 Nf6 32. Kg2 h4 33. Bf5 Kxf5
0-1

[Event "Tournoi Skype 025B"]
[Site "Skype"]
[Date "????.??.??"]
[Round "6.18"]
[White "Castellar, Juarez Iorio"]
[Black "Bustos, Ricardo"]
[Result "1-0"]
[WhiteElo "1298"]
[BlackElo "1174"]
[PlyCount "59"]

1. d4 Nf6 2. Nf3 e6 3. h3 d5 4. Bf4 Bd6 5. Ne5 c5 6. e3 O-O 7. c3 Nc6 8. Nd2
cxd4 9. exd4 a6 10. Bd3 Qb6 11. Qb3 Qc7 12. O-O Nh5 13. Bh2 Bxe5 14. dxe5 g6
15. Nf3 Ng7 16. Rfe1 b5 17. a3 Qe7 18. Be2 Na5 19. Qc2 Bb7 20. Rad1 Rac8 21.
Rd4 Nc6 22. Rd3 Qc7 23. Bg3 Nh5 24. Nh2 Nxg3 25. Rxg3 Nxe5 26. Qd2 Nc4 27. Bxc4
Qxc4 28. Nf3 Qc6 29. Qh6 Qc7 30. Ng5 1-0

[Event "Tournoi Skype 025B"]
[Site "Skype"]
[Date "????.??.??"]
[Round "6.21"]
[White "Rodriguez, Nathalie"]
[Black "Conde, Carmen"]
[Result "1-0"]
[WhiteElo "1319"]
[BlackElo "1183"]
[PlyCount "89"]

1. d4 Nf6 2. Bf4 d6 3. e3 Nc6 4. Nf3 e6 5. c3 d5 6. h3 h6 7. Bd3 Be7 8. Nbd2
Nh5 9. Bg3 Bd7 10. O-O Bf6 11. Ne5 Nxe5 12. dxe5 Bg5 13. Qxh5 g6 14. Qe2 Bc6
15. f4 Be7 16. Nf3 Bc5 17. Nd4 Bd7 18. a3 a5 19. Qf2 h5 20. Bh4 Qb8 21. Bf6 Rh7
22. Nf3 Qa7 23. Nd4 Ba4 24. Rae1 Be7 25. Bxe7 Kxe7 26. Qh4+ Kd7 27. Kh1 Qb6 28.
Be2 Qxb2 29. Rb1 Qxc3 30. Bb5+ Bxb5 31. Nxb5 Qxe3 32. Rf2 Qd3 33. Rff1 a4 34.
Qf2 Ra5 35. Nd4 b6 36. Rfd1 Qc4 37. Rdc1 Qd3 38. Rd1 Qc4 39. Rdc1 Qa6 40. Nc6
b5 41. Nb8+ Kc8 42. Nxa6 Rxa6 43. Qc5 Rb6 44. Rxb5 Rxb5 45. Qxc7# 1-0

[Event "Tournoi Skype 025B"]
[Site "Skype"]
[Date "????.??.??"]
[Round "6.22"]
[White "Ruiz Gomez, Luz Alba"]
[Black "Erten, Ozlem"]
[Result "0-1"]
[WhiteElo "1279"]
[BlackElo "1290"]
[PlyCount "122"]

1. d4 d5 2. Nf3 c6 3. Bf4 Nf6 4. e3 e6 5. c3 Nbd7 6. Nbd2 Qb6 7. Qb3 Be7 8. h3
O-O 9. Bd3 c5 10. Qxb6 axb6 11. O-O Nh5 12. Bh2 Ndf6 13. Rfe1 Bd7 14. e4 dxe4
15. Bxe4 Nxe4 16. Nxe4 Bc6 17. a3 Nf6 18. Ned2 Rfd8 19. Bc7 Rd5 20. Bxb6 cxd4
21. Bxd4 Rb5 22. b4 Rd5 23. c4 Rd7 24. Bc3 Bxf3 25. Nxf3 Rd3 26. Bb2 Nd7 27. a4
Nb6 28. Ne5 Rb3 29. Bd4 Rxb4 30. Bxb6 Rxb6 31. a5 Rb2 32. Red1 Bf6 33. Re1 b5
34. c5 Rc2 35. Nd3 Bxa1 36. Rxa1 Rd8 37. Nb4 Rxc5 38. a6 Rdc8 39. Nd3 Rc3 40.
Rd1 h6 41. Kh2 Rd8 42. Rc1 Rdxd3 43. a7 Ra3 44. Rc7 Rd8 45. Rc5 b4 46. Rc1 Rxa7
47. Rb1 Rb7 48. f3 b3 49. Rb2 Rc8 50. f4 Rc2 51. Rb1 b2 52. Rxb2 Rcxb2 53. h4
R7b4 54. Kg3 f5 55. Kf3 R2b3+ 56. Ke2 Rxf4 57. g3 Re4+ 58. Kd2 Rxg3 59. Kc2
Rxh4 60. Kd2 Rh2+ 61. Kc1 Rg1# 0-1

[Event "Tournoi Skype 025B"]
[Site "Skype"]
[Date "????.??.??"]
[Round "6.23"]
[White "Felippe E Silva, Glenda"]
[Black "Swanepoel, Karel"]
[Result "1-0"]
[WhiteElo "1288"]
[BlackElo "1036"]
[PlyCount "73"]

1. d4 Nf6 2. Nf3 g6 3. Bf4 c5 4. Nbd2 d6 5. e4 cxd4 6. Nxd4 e5 7. Be3 Ng4 8.
N4f3 Nxe3 9. fxe3 Bg7 10. Bc4 O-O 11. O-O Qb6 12. Qe2 Nd7 13. Ng5 h6 14. Bxf7+
Rxf7 15. Nxf7 Nf6 16. Nxh6+ Bxh6 17. Rxf6 Bxe3+ 18. Kf1 Kg7 19. Rf3 Bg4 20. Nc4
Bxf3 21. gxf3 Qd4 22. c3 Qc5 23. Nxe3 Rh8 24. Ng4 Qc8 25. Rd1 Rf8 26. Rxd6 Qxg4
27. Rd3 g5 28. Qg2 Qf4 29. b4 Rh8 30. Qg3 Qc1+ 31. Qe1 Qc2 32. Rd2 Qa4 33. Qg3
Qb5+ 34. Kg2 Kg6 35. Rd5 Qe2+ 36. Qf2 Rxh2+ 37. Kxh2 1-0

[Event "Tournoi Skype 025B"]
[Site "Skype"]
[Date "????.??.??"]
[Round "6.24"]
[White "Chavez, Isidro"]
[Black "Franco, Yolima"]
[Result "0-1"]
[WhiteElo "1189"]
[BlackElo "1574"]
[PlyCount "108"]

1. e4 c5 2. Bc4 a6 3. d3 Nc6 4. c3 Nf6 5. Nf3 d6 6. Ng5 Ne5 7. Qb3 e6 8. f4
Nxc4 9. Qxc4 Ng4 10. h3 Nf6 11. Qa4+ b5 12. Qc2 Bb7 13. Be3 h6 14. Nf3 Rc8 15.
a4 c4 16. d4 Nxe4 17. axb5 axb5 18. Ra7 Bd5 19. Na3 Qb6 20. Nxb5 Qxb5 21. Qa4
Rb8 22. Ra5 Qxa4 23. Rxa4 Rxb2 24. Rg1 Nxc3 25. Ra3 Re2+ 26. Kf1 Rxe3 27. Nd2
Be7 28. Kf2 Re2+ 29. Kg3 Nb5 30. Ra2 c3 31. Ra5 cxd2 32. Rxb5 Re1 33. Rb1 Rxg1
34. Rxg1 Bb3 35. h4 d1=Q 36. Rxd1 Bxd1 37. f5 exf5 38. Kf4 Bg4 39. h5 O-O 40.
d5 Ra8 41. Ke3 Bg5+ 42. Kd4 Ra4+ 43. Kc3 Ra2 44. g3 Bf6+ 45. Kc4 Be5 46. Kb5
Bxg3 47. Kc4 f4 48. Kb3 Ra8 49. Kb4 f3 50. Kb5 f2 51. Kc6 f1=Q 52. Kb6 Rc8 53.
Kb7 Qb1+ 54. Ka6 Ra8# 0-1

[Event "Tournoi Skype 025B"]
[Site "Skype"]
[Date "????.??.??"]
[Round "6.25"]
[White "Borg, Anthony"]
[Black "Barrionuevo, Hilario"]
[Result "1-0"]
[WhiteElo "1348"]
[BlackElo "1121"]
[PlyCount "67"]

1. Nf3 Nc6 2. e4 e5 3. Bc4 Nd4 4. Nxe5 Qg5 5. Bxf7+ Ke7 6. Nf3 Qf6 7. Bh5 d5 8.
d3 g6 9. Bg5 gxh5 10. Bxf6+ Nxf6 11. Nxd4 Bg4 12. f3 Bd7 13. O-O c5 14. Nf5+
Ke8 15. Nc3 d4 16. Nd5 Nxd5 17. exd5 Bxf5 18. Re1+ Kd7 19. Qe2 Rg8 20. Qd2 h4
21. Qa5 Bh3 22. Qb5+ Kc7 23. Re2 a6 24. Qa5+ b6 25. Qd2 Bd6 26. Qh6 Raf8 27.
Qxh4 Rxf3 28. Qxh7+ Bd7 29. Qxg8 Rf8 30. Qh7 Kc8 31. Rf1 Rd8 32. Qg6 Bc6 33.
dxc6 Bc7 34. Qe6+ 1-0

[Event "Tournoi Skype 025B"]
[Site "Skype"]
[Date "????.??.??"]
[Round "6.26"]
[White "Reese, Evan"]
[Black "Yanez, Leticia Jorgelina"]
[Result "1-0"]
[WhiteElo "1000"]
[BlackElo "1287"]
[PlyCount "65"]

1. e4 e5 2. Nc3 Nf6 3. g3 Nc6 4. Bg2 Be7 5. Nge2 O-O 6. O-O d6 7. d3 Bg4 8. Be3
h6 9. a3 Qd7 10. Qd2 Bh3 11. Bxh3 Qxh3 12. f3 Rad8 13. Nd5 Nxd5 14. exd5 Nb8
15. Nc3 Nd7 16. d4 Bg5 17. Bxg5 hxg5 18. dxe5 Nxe5 19. Ne4 f6 20. b3 f5 21.
Nxg5 Qh6 22. c4 Rf7 23. Rae1 Rdf8 24. f4 Ng4 25. Nxf7 Rxf7 26. Qg2 g6 27. Qd2
Rh7 28. Re8+ Kf7 29. Rfe1 Qxh2+ 30. Qxh2 Rxh2 31. R1e7+ Kf6 32. Rxc7 g5 33.
Re6# 1-0

[Event "Tournoi Skype 025B"]
[Site "Skype"]
[Date "????.??.??"]
[Round "6.27"]
[White "Almiron, Patricia"]
[Black "Alverson, Ginny"]
[Result "1-0"]
[WhiteElo "1270"]
[BlackElo "1078"]
[PlyCount "45"]

1. d4 Nf6 2. c4 d5 3. cxd5 Nxd5 4. e4 Nf6 5. Nc3 Nc6 6. d5 Ne5 7. f4 Bg4 8.
Qa4+ c6 9. fxe5 Nd7 10. h3 Bh5 11. dxc6 bxc6 12. e6 fxe6 13. Qxc6 Rc8 14. Qa4
Qc7 15. Be3 Qg3+ 16. Bf2 Qb8 17. Bb5 Rd8 18. Nf3 Bg6 19. O-O-O Qf4+ 20. Rd2 Qc7
21. Bxd7+ Rxd7 22. Rhd1 Qd8 23. Rxd7 1-0

[Event "Tournoi Skype 025B"]
[Site "Skype"]
[Date "????.??.??"]
[Round "6.28"]
[White "Codina, Teresa"]
[Black "Dib, Catherine"]
[Result "1-0"]
[WhiteElo "1195"]
[BlackElo "1048"]
[PlyCount "65"]

1. d4 Nf6 2. c4 g6 3. Nc3 d5 4. e3 Bg7 5. Nf3 Nc6 6. Be2 O-O 7. O-O Re8 8. h3
Be6 9. cxd5 Nxd5 10. Nxd5 Bxd5 11. a3 e5 12. b4 a6 13. Bb2 b5 14. Bc3 e4 15.
Nh2 Ne7 16. Rc1 Rc8 17. f3 Nf5 18. Bd2 c6 19. fxe4 Bxe4 20. Bg4 Qf6 21. Rf2 Bd3
22. Bxf5 Bxf5 23. Nf3 Re4 24. Re2 Qe7 25. Rc5 Qa7 26. Qc1 Qb6 27. d5 Rc4 28.
Rxc4 bxc4 29. dxc6 Rxc6 30. Be1 c3 31. Bf2 Bd3 32. e4 Bxe2 33. Bxb6 1-0

[Event "Tournoi Skype 025B"]
[Site "Skype"]
[Date "????.??.??"]
[Round "6.29"]
[White "Homme, Jim"]
[Black "Sanchez, Pedro"]
[Result "0-1"]
[WhiteElo "1117"]
[BlackElo "1193"]
[PlyCount "76"]

1. d4 d5 2. Nf3 Nf6 3. e3 Nc6 4. Bd3 Bg4 5. h3 Bh5 6. Nc3 e5 7. dxe5 Nxe5 8.
Be2 Bb4 9. a3 Nxf3+ 10. Bxf3 Be7 11. Bxh5 d4 12. exd4 O-O 13. Be2 Qd7 14. Bf4
Qc6 15. Bf3 Qe6+ 16. Ne2 Rae8 17. d5 Qf5 18. g4 Qd7 19. Qd3 Bc5 20. Bg3 Qa4 21.
b3 Qa5+ 22. c3 b5 23. b4 Bxf2+ 24. Bxf2 Qa6 25. O-O Nd7 26. Nd4 Qf6 27. Nf5 g6
28. g5 Qxg5+ 29. Bg4 h5 30. Ng3 hxg4 31. hxg4 Qxg4 32. Qxb5 Ne5 33. Kg2 Qf3+
34. Kg1 Qg4 35. Kg2 Qf3+ 36. Kg1 Kg7 37. Rae1 Rh8 38. Bxa7 Qxg3# 0-1

[Event "Tournoi Skype 025B"]
[Site "Skype"]
[Date "????.??.??"]
[Round "6.30"]
[White "Le Bouill, Pierre"]
[Black "Conde, Abigail"]
[Result "1-0"]
[WhiteElo "1182"]
[BlackElo "1000"]
[PlyCount "67"]

1. Nf3 d5 2. d4 e6 3. Nc3 Nf6 4. g3 Nc6 5. Bg2 a6 6. a3 Qd6 7. Bf4 Qe7 8. Ne5
Na5 9. O-O Nc4 10. Nxc4 dxc4 11. e4 c6 12. e5 Nd7 13. Qe2 Nb6 14. Ne4 Qd7 15.
Rad1 Be7 16. Be3 Na4 17. Bc1 b5 18. b3 Nb6 19. Rfe1 Bb7 20. Bb2 O-O 21. Nc5 Qc7
22. Ne4 Nd5 23. a4 c3 24. Nxc3 b4 25. Ne4 a5 26. c3 Ba6 27. Qc2 f6 28. exf6
Nxf6 29. cxb4 axb4 30. Bh3 Qd7 31. Ng5 Qd5 32. Bxe6+ Kh8 33. Bxd5 Nxd5 34.
Qxh7# 1-0

[Event "Tournoi Skype 025B"]
[Site "Skype"]
[Date "????.??.??"]
[Round "6.31"]
[White "Cengiz, Ali Ekber"]
[Black "Ramirez, Luis Antonio"]
[Result "1-0"]
[WhiteElo "1147"]
[BlackElo "1000"]
[PlyCount "93"]

1. e4 c5 2. Nf3 d6 3. Bb5+ Bd7 4. Bc4 Nf6 5. Nc3 a6 6. e5 dxe5 7. Nxe5 e6 8.
O-O Bd6 9. Nf3 O-O 10. d4 Qc7 11. Be3 Bc6 12. d5 Nxd5 13. Nxd5 exd5 14. Bxd5
Bb5 15. Re1 Re8 16. Ng5 Re7 17. Qh5 Bxh2+ 18. Qxh2 Qxh2+ 19. Kxh2 Nd7 20. Bf4
Rae8 21. Rxe7 Rxe7 22. Be3 Nf6 23. a4 Ng4+ 24. Kg3 Bd7 25. Bxb7 Kf8 26. Bxa6 f6
27. Bxc5 fxg5 28. Bxe7+ Kxe7 29. a5 h5 30. Kf3 Ne5+ 31. Ke2 Bg4+ 32. Kf1 h4 33.
Be2 Bf5 34. c4 g4 35. a6 Be4 36. a7 h3 37. gxh3 gxh3 38. Kg1 Nf3+ 39. Bxf3 Bxf3
40. a8=Q Bxa8 41. Ra7+ Kf6 42. Rxa8 g5 43. Kh2 g4 44. c5 Kg5 45. c6 Kf4 46. c7
Kf3 47. Rf8+ 1-0

[Event "Tournoi Skype 025B"]
[Site "Skype"]
[Date "????.??.??"]
[Round "6.32"]
[White "Porcabeuf, Jean-Marc"]
[Black "Marty, Yvette"]
[Result "1-0"]
[WhiteElo "1129"]
[BlackElo "1000"]
[PlyCount "29"]

1. e4 e6 2. d4 d5 3. e5 Nc6 4. Nf3 f6 5. Bd3 Be7 6. Nc3 g6 7. Bf4 Nh6 8. Bxh6
fxe5 9. dxe5 Nxe5 10. Nxe5 Bd6 11. Ng4 e5 12. Nxe5 Bxe5 13. Qe2 d4 14. Qxe5+
Be6 15. Qxe6+ 1-0

[Event "Tournoi Skype 025B"]
[Site "Skype"]
[Date "????.??.??"]
[Round "6.33"]
[White "De Fazio, Monica"]
[Black "Latterra, Jeremias"]
[Result "1-0"]
[WhiteElo "1000"]
[BlackElo "1064"]
[PlyCount "27"]

1. Nf3 c5 2. g3 d6 3. Bg2 e5 4. d3 Nf6 5. h3 g6 6. Bg5 Bg7 7. O-O O-O 8. Nbd2
h6 9. Bh4 Nc6 10. Ne4 Nd4 11. Qd2 Nxf3+ 12. Bxf3 Qb6 13. Nxf6+ Bxf6 14. Qxh6
1-0

[Event "Tournoi Skype 025B"]
[Site "Skype"]
[Date "????.??.??"]
[Round "6.34"]
[White "Maccaferri, Massimo"]
[Black "Schnell, Nicolas"]
[Result "1-0"]
[WhiteElo "1215"]
[BlackElo "1000"]
[PlyCount "43"]

1. e4 e5 2. Bc4 Nf6 3. Nc3 d6 4. Nf3 Nc6 5. Ng5 Ng4 6. Nxf7 Qh4 7. g3 Qh3 8.
Bf1 Qh5 9. Nxh8 Nd4 10. h4 Bd7 11. f3 Nf6 12. Bc4 Nxf3+ 13. Kf2 d5 14. Nxd5
Nxe4+ 15. Kg2 Qg4 16. Qxf3 Qe6 17. Nxc7+ Kd8 18. Nxe6+ Bxe6 19. Bxe6 Bc5 20.
Qxe4 Bd6 21. Qxb7 Rc8 22. Qd7# 1-0

[Event "Tournoi Skype 025B"]
[Site "Skype"]
[Date "????.??.??"]
[Round "6.36"]
[White "Gagnon, Sindy"]
[Black "Hargez, Dany"]
[Result "0-1"]
[WhiteElo "1000"]
[BlackElo "1189"]
[PlyCount "84"]

1. e4 e5 2. Nc3 d6 3. Nf3 Bg4 4. Be2 Bxf3 5. Bxf3 Nc6 6. d3 Be7 7. Ne2 Bh4 8.
g3 Bg5 9. c3 Qf6 10. d4 Bxc1 11. Nxc1 exd4 12. cxd4 Nxd4 13. Nd3 Nxf3+ 14. Ke2
Ne7 15. Rc1 c6 16. Rc4 Ne5 17. Rd4 O-O 18. Nb4 Ng4 19. f3 Ne5 20. f4 N5g6 21.
e5 dxe5 22. fxe5 Nxe5 23. Qc2 Qf3+ 24. Kd2 Qxh1 25. Kc3 Qf3+ 26. Nd3 Nd5+ 27.
Kb3 Nxd3 28. Rxd3 Qe4 29. a4 Nb4 30. Qc3 Nxd3 31. a5 Qd5+ 32. Ka3 Rfe8 33. b3
Nc5 34. b4 Ne4 35. Ka4 Nxc3+ 36. Ka3 Re3 37. Kb2 Na4+ 38. Kc1 Qc4+ 39. Kd1 Qe2+
40. Kc1 Qe1+ 41. Kc2 Qc3+ 42. Kd1 Nb2# 0-1

[Event "Tournoi Skype 025B"]
[Site "Skype"]
[Date "????.??.??"]
[Round "6.37"]
[White "Tolaro, Filippa"]
[Black "Baker, Abi"]
[Result "0-1"]
[WhiteElo "1000"]
[BlackElo "1179"]
[PlyCount "116"]

1. d4 d5 2. Bf4 g6 3. e3 Bg7 4. c4 Nf6 5. h3 O-O 6. Bd3 Ne4 7. Qf3 Bf5 8. Nc3
Nc6 9. cxd5 Nxc3 10. bxc3 Bxd3 11. dxc6 bxc6 12. Qxc6 Rb8 13. Bxc7 Bb5 14. Bxd8
Bxc6 15. Bxe7 Bxg2 16. Rh2 Rfe8 17. Rxg2 Rxe7 18. Nf3 f5 19. Nh4 Rc7 20. Rc1
Rb2 21. Nf3 Rxa2 22. Nd2 a5 23. Ke2 a4 24. Kd3 Bf8 25. Rgg1 a3 26. Rb1 Rb2 27.
Ra1 a2 28. Nc4 Rb1 29. Raxb1 axb1=Q+ 30. Rxb1 h5 31. e4 fxe4+ 32. Kxe4 Rxc4 33.
Kd3 Ra4 34. f4 h4 35. Rb6 Kf7 36. Ke4 Ra3 37. Rc6 Ra1 38. d5 Rh1 39. Rc7+ Kf6
40. c4 Rxh3 41. c5 Rh1 42. c6 Re1+ 43. Kd4 Bh6 44. Rc8 Bxf4 45. Kc5 h3 46. d6
h2 47. Rf8+ Ke5 48. d7 h1=Q 49. Re8+ Kf6 50. d8=Q+ Kf5 51. Qd7+ Kg5 52. Qd8+
Kg4 53. Rg8 Rc1+ 54. Kb6 Be3+ 55. Kb7 Qxc6+ 56. Kb8 Rb1+ 57. Qb6 Rxb6+ 58. Ka7
Rb4# 0-1

[Event "Tournoi Skype 025B"]
[Site "Skype"]
[Date "????.??.??"]
[Round "6.38"]
[White "Lecluyse, Koenraad"]
[Black "Schuh, David"]
[Result "1/2-1/2"]
[WhiteElo "1173"]
[BlackElo "1000"]
[PlyCount "48"]

1. d4 d5 2. Nf3 Nc6 3. Bf4 Bf5 4. c3 Nf6 5. e3 g6 6. Bd3 Bxd3 7. Qxd3 Ne4 8.
O-O Bg7 9. Ne5 Nxe5 10. Bxe5 f6 11. Bg3 Nxg3 12. hxg3 f5 13. Qb5+ c6 14. Qxb7
O-O 15. Qxc6 Rc8 16. Qe6+ Rf7 17. Nd2 Bf6 18. Nf3 Kf8 19. Ne5 Rg7 20. Nd7+ Ke8
21. Nxf6+ Kf8 22. Nd7+ Ke8 23. Nf6+ Kf8 24. Nd7+ Ke8 1/2-1/2

[Event "Tournoi Skype 025B"]
[Site "Skype"]
[Date "????.??.??"]
[Round "6.39"]
[White "Mimouni, Driss"]
[Black "Trapletti, Cosetta"]
[Result "0-1"]
[WhiteElo "1139"]
[BlackElo "1000"]
[PlyCount "30"]

1. d4 d5 2. Nf3 Nf6 3. e3 Bf5 4. Bd3 e6 5. Ne5 Qe7 6. Bb5+ Nbd7 7. Bxd7+ Nxd7
8. Nc3 c6 9. O-O Nxe5 10. dxe5 Qc7 11. Re1 Be7 12. Bd2 Qxe5 13. e4 dxe4 14. Re2
Bd6 15. Qe1 Qxh2+ 0-1